=LDR 00000nam 2200000 4500 =001 INLIS000000000034364 =005 20130612140256 =008 ***********************************Ind** =035 ##$$0010-061300000034364 =041 ##$$a Ind =082 ##$$a 745.92 =090 ##$$a 745.92, Kus S1 =100 ##$$a Kusumo, Slamet Hendro =245 ##$$a Seni Merangkai Benga, Slamet Hendro Kusumo, Irawati DS =260 ##$$a 2006 $b Bandung =300 ##$$a 35 Hlm, ilus, 21 cm =650 ##$$a Merangkai bunga =700 ##$$a Irawati DS =850 ##$$a NBPNMAT